Music Quiz

Random Music or Billboard Quiz
Score 0/87 Timer 15:00
2 Plays Today
Years Artist % Correct
1964-1995The Beatles
91.2%
1972-2014Michael Jackson
87.8%
1986-2001Janet Jackson
82.6%
1984-2012Madonna
80.5%
1956-1972Elvis Presley
78.2%
1964-1989The Rolling Stones
75.2%
1971-1997Elton John
68.9%
1985-2015Whitney Houston
66.6%
1990-2019Mariah Carey
61.3%
2003-2016Beyoncé
61.3%
1999-2013Britney Spears
56.6%
2001-2012Jay-Z
53.5%
2000-2017Eminem
50.6%
2008-2017Katy Perry
50.3%
2003-2018Justin Timberlake
48.3%
2005-2017Rihanna
47.9%
1986-1996George Michael (does not include Wham!)
47.4%
1963-1988The Beach Boys
45.8%
1980-1994Bruce Springsteen
45.6%
2008-2019Taylor Swift
45.4%
1970-2015Paul McCartney/Wings
44.6%
2009-2019Lady Gaga
44.2%
1982-2016Prince
43.1%
1977-1993Billy Joel
42.9%
1964-1971The Supremes
42.3%
1963-1986Stevie Wonder
42.2%
2004-2018Kanye West
41.9%
1970-1985Diana Ross
41.6%
1972-1980Eagles
40.5%
Years Artist % Correct
1967-1987Aretha Franklin
40%
1968-1989Bee Gees
39.8%
1991-2000Celine Dion
39.3%
2005-2014Chris Brown
37.3%
1997-2012Usher
37.1%
2000-2016P!nk
36.9%
1970-1984The Jackson 5/Jacksons
36.3%
1964-1973The Temptations
34.5%
1966-1999Cher (Does not count Sonny & Cher)
33.8%
1959-1968Dion & The Belmonts
33.8%
1986-1994Bon Jovi
32.7%
1984-1990Phil Collins
32.2%
2009-2018Drake
32%
1997-2005Destiny's Child
31.8%
1963-1983Marvin Gaye
30.7%
2010-2019Bruno Mars
29%
2004-2018Maroon 5
28.8%
1981-1986Lionel Richie
28.5%
2002-2016Kelly Clarkson
26.7%
2003-2011Black Eyed Peas
25.7%
2013-2019Ariana Grande
25.6%
1964-1997Barbra Streisand
25.2%
1959-1966Ray Charles
24.6%
1970-1990Chicago
24.6%
1971-1994Rod Stewart
24.5%
1976-1989Donna Summer
23.3%
1966-1982Neil Diamond
23%
1982-1988Huey Lewis & The News
22.8%
1976-1988Daryl Hall & John Oates
21.9%
Years Artist % Correct
1991-1998Boyz II Men
21.6%
1962-1976The Four Seasons
20.7%
1997-2007Puff Daddy/P. Diddy/Diddy
20.7%
1982-1993Duran Duran
20.6%
1957-1972Ricky Nelson
19.7%
1967-1983Kenny Rogers/First Edition
19.4%
2008-2018Lil Wayne
19.2%
2000-2010Nelly
19%
1970-1975Carpenters
18.7%
1983-1997Bryan Adams
18.5%
1973-1983Olivia Newton-John
16.9%
1975-1981Barry Manilow
16.2%
1960-1989Roy Orbison
15.9%
1976-1985Commodores
15.8%
1994-2003R. Kelly
15.4%
1963-1986Dionne Warwick
15%
1957-1962The Everly Brothers
13.4%
1982-1994John Cougar Mellencamp
13.2%
2008-2016Flo Rida
12.5%
1957-1976Paul Anka
12.4%
1960-2019Brenda Lee
11.1%
1975-1989Linda Ronstadt
10.5%
1985-1999Gloria Estefan/Miami Sound Machine
10.4%
1955-1962Pat Boone
10.4%
1969-1974Three Dog Night
10%
1965-1967Herman's Hermits
8.9%
1974-1987Kool & The Gang
8.7%
1958-1962Connie Francis
8.2%
1958-1966Bobby Darin
8%

You're not logged in!

Compare scores with friends on all Sporcle quizzes.
OR
Log In

Sporcle TV

Today on Sporcle TV


Watch our educational content, quiz creation guides, and fun videos on Sporcle TV.

Show Comments

Extras

Top Quizzes Today


Score Distribution

Paid Content

Your Account Isn't Verified!

In order to create a playlist on Sporcle, you need to verify the email address you used during registration. Go to your Sporcle Settings to finish the process.

Report this User

Report this user for behavior that violates our Community Guidelines.

Details: